MARC
| LEADER | 00000nam a2200000Ia 4500 | ||
|---|---|---|---|
| 008 | 170316s9999 xx 000 0 und d | ||
| 040 | |a cru BVZT | ||
| 090 | |a 862 R-13c | ||
| 100 | |a Rojas, Fernando de | ||
| 245 | |a La Celestina: Tragicomedia de Calisto y Melibea | ||
| 260 | |a Barcelona, España | ||
| 260 | |b OCEANO | ||
| 260 | |c 1998 | ||
| 300 | |a 349 páginas | ||
| 650 | |a LITERATURA ESPAÑOLA | ||
| 650 | |a NOVELA | ||
| 650 | |a COMEDIA | ||
| 650 | |a CALISTA | ||
| 650 | |a MELIBEA | ||
| 999 | |c 10345 |d 10345 | ||
| 942 | |c 15 D |h 862 R-13c |2 z | ||
